000 01065nam a2200289 i 4500
003 EG-GICUC
005 20260121101526.0
008 251220s1888 fr ||||fr|||| 00| 0 fre d
040 _aEG-GiCUC
_bfre
_cEG-GiCUC
_dEG-GiCUC
_eRda
041 _afre
082 0 4 _221
_a341.83044
_bVI . D
092 0 4 _221
099 _aLaw1 12 341.83044 VI . D 1888
100 1 _aVincent, René
_eAuteur
245 1 0 _aDroit International Privé :
_bLes Étrangers Devant Les Tribunaux Français; Clause Du "Libre Et Facile Accès" Clause Du "Traitement De La Nation La Plus Favorisée" /
_cpar René Vincent.
264 1 _aParis :
_bL. Larose et Forcel,
_c1888.
300 _a36 pages ;
_c23 cm.
336 _2rda contenu
_a texte
337 _2rda medias
_aOrdinateur
338 _2 transporteur rda
_a Ressource en ligne
504 _aInclude Bibliographic references
546 _aTexte en français
650 1 4 _aÉtrangers
_xPrivate international law
_zFrance
856 4 0 _uhttps://fll.law.cu.edu.eg/fulltext/bks/B12-01657.pdf
905 _a75
942 _2ddc
_n0
_cBK
_e21
999 _c51784
_d51784